BIBLIOTHÈQUE DE LA MAISON DU MEXIQUE

Logo 1 Logo 2

El Congreso en la primera república centralista (notice nᵒ 11157)

détails MARC
000 -Sello discográfico
campo de control de longitud fija 01249nam a2200373 4500
005 - Identificación de versión
campo de control 20251016082544.0
010 ## - Número Estándar Internacional de Libros (ISBN)
Número (ISBN) 968-12-0537-5
035 ## - Otros números de control del sistema
Número de control del sistema 11235
099 ## - fechas locales
Tipo de ítem Koha LIBRO
100 ## - Datos de procesamiento general
Datos de procesamiento general 20040422d1993 m y1spay5003 ba
101 ## - Idioma del recurso
Idioma del texto, banda sonora, etc. Español; Castellano
105 ## - Campo de datos codificados: Material textual, monográfico
Datos codificados de monografía a 001zy
200 1# - Título y mención de responsabilidad
Título propio El Congreso en la primera república centralista
Designación general del material texto impreso
Primer mención de responsabilidad Reynaldo Sordo Cedeño
205 ## - Declaración de edición
Declaración de edición 1a ed
210 ## - Publicación, distribución, etc.
Lugar de publicación, distribución, etc. México
Nombre del editor, distribuidor, etc. El Colegio de México, Centro de Estudios Históricos
-- Instituto Tecnológico Autónomo de México
Fecha de publicación, distribución, etc. 1993
215 ## - Descripción física
Designación de material específico y extensión del ítem 472 p
Otras características físicas cuadros
Dimensiones 23 cm
345 ## - Nota de información de adquisición
Fuente de adquisición/dirección de la suscripción [OBSOLETO] Donación
601 ## - Nombre de entidad corporativa utilizado como temática
Elemento de entrada MEXICO. Congreso
Subdivisión temática Historia
Subdivisión cronológica Siglo XIX
Número Koha 17795
606 ## - Término temático usado como materia
Elemento de entrada Gobierno federal
Subdivisión geográfica México
Subdivisión temática Historia
Subdivisión cronológica Siglo XIX
Número Koha 17796
606 ## - Término temático usado como materia
Elemento de entrada Historia constitucional
Subdivisión geográfica México
Número Koha 2693
607 ## - Nombre geográfico utilizado como tema
Elemento de entrada México
Subdivisión temática Política y gobierno
Subdivisión cronológica 1821-1861
Número Koha 1788
660 ## - Código de área geográfica
Código MX
700 ## - Nombre personal - Responsabilidad primaria
Elemento de entrada Sordo Cedeño
Parte del nombre distinta del elemento de entrada Reynaldo
Número Koha 17797
801 #0 - Fuente de origen
Agencia cm
856 ## - Localización electrónica y acceso
Identificador Uniforme de Recurso https://repositorio.colmex.mx/concern/theses/6d56zw94v?locale=es
942 ## - ELEMENTOS DE ENTRADA SECUNDARIOS (KOHA)
Tipo de ítem Koha Livre
Exemplaires
Estatus retirado Estado de daño Estado de pérdida Fuente de la clasificación o esquema de estantería Fecha de adquisición Biblioteca de origen Biblioteca actual Ubicación en estantería Código de barras Precio de reemplazo Signatura topográfica completa No para préstamo Tipo de ítem Koha Nota pública Nota no pública
      Clasificación Decimal Dewey 05/08/2025 Casa México Paris Casa México Paris   012983 05/08/2025 972.05 S713C   Livre 20250424LIV 751145101